000
00200 a2200097 4500
001
42691
100
_a
Mathew
245
_a
the naval heritage
260
_a
London
_b
Collins
_c
090
_c
26585
_d
26585
942
_a
NUST-CAE
_c
M
_c
18430
999
_c
277764
_d
277764